|
|
|
|
| LEADER |
00000nab a2200000 a 4500 |
| 001 |
vtls001012477 |
| 003 |
SK-MaSNL |
| 005 |
20260318123511.0 |
| 008 |
040720e20040301xo 0 hun |
| 035 |
|
|
|a RV13077
|
| 040 |
|
|
|a RVGKPD
|b slo
|c RVGKPD
|e AACR2
|
| 041 |
0 |
|
|a slo
|
| 044 |
|
|
|a xo
|c SK
|
| 080 |
|
|
|a 622
|2 1981
|
| 100 |
1 |
|
|a Lőrinc, Adrián
|4 aut
|9 1024590
|
| 245 |
1 |
0 |
|a Ha tudnák, mi mindent rejt e föld...
|b "Szerencse fel, szerencse le, ilyen a bányász élete" - idézem fel a régi bányásznótát, miközben alászállok az ország...
|
| 300 |
|
|
|b 5 foto
|
| 650 |
0 |
7 |
|a baníctvo
|2 RVGKPD
|9 3571
|
| 651 |
|
7 |
|a Drnava (Slovensko)
|2 RVGKPD
|9 31136
|
| 651 |
|
7 |
|a Nižná Slaná (Slovensko)
|2 RVGKPD
|9 29467
|
| 651 |
|
7 |
|a Rožňava (Slovensko)
|2 RVGKPD
|9 17394
|
| 773 |
0 |
8 |
|t Új Szó
|g Roč. 57, č.50, 1.3.2004, s. 15
|
| 852 |
|
|
|a ZVYKNI
|b KIS3GCP
|
| 999 |
|
|
|c 2640887
|d 2642817
|